| 000 | 00368nam a22001457a 4500 | ||
|---|---|---|---|
| 003 | macl | ||
| 005 | 20160131114334.0 | ||
| 008 | 160131b xxu||||| |||| 00| 0 eng d | ||
| 040 | _cmacl | ||
| 041 | _aEnglish | ||
| 100 |
_aBantawa Bijay _936300 |
||
| 245 | _aMakers Of Indian Literature Kamala Aanshu | ||
| 260 |
_aNew Delhi _bSahitya Akademi _c2013 |
||
| 942 |
_2ddc _cBK |
||
| 999 |
_c52973 _d52973 |
||